Abolished Monarchies - 19th Century - Statistics

General Stats
  • This quiz has been taken 686 times
    685 since last reset
  • The average score is 17 of 30
Answer Stats
Year Country % Correct
1870 France
88%
1867 Mexico
81%
1889 Brazil
80%
1816 Argentina
71%
1818 Chile
70%
1819 Colombia
70%
1819 Venezuela
69%
1824 Peru
68%
1821 Panama
67%
1811 Paraguay
67%
1825 Uruguay
67%
1822 Ecuador
66%
1825 Bolivia
65%
1823 Costa Rica
65%
1823 Honduras
64%
1823 Guatemala
63%
1823 El Salvador
62%
1859 Haiti
62%
1823 Nicaragua
62%
1860 Kingdom of the Two Siciles (part of present-day Italy)
49%
1859 Grand Duchy of Tuscany (part of present-day Italy)
48%
1870 The Papal States (part of present-day Italy)
48%
1844 Dominican Republic
47%
1859 Grand Duchy of Modena and Reggio (part of present-day Italy)
45%
1859 Grand Duchy of Parma (part of present-day Italy)
45%
1857 Mughal Empire (present-day India)
43%
1893 Hawaii
29%
1885 Burma
23%
1897 Madagascar
20%
1880 Tahiti (currently a French territory)
10%
No matching quizzes found
Score Distribution
Percent of People with Each Score
Percentile by Number Answered
Your Score History
You have not taken this quiz since the last reset